Blitz: Red, White, or Blue Quiz Stats

 Plays Quiz Updated Oct 26, 2020

Support Sporcle.
Go Orange.
Score 0/24 Timer 01:00
0 Plays Today
Clue R, W, or B % Correct
Marge Simpsons' hair???
95%
Crimson???
94.3%
Karate beginner's belt???
89.3%
NOT a type of wine???
84.8%
Santa's beard???
84.5%
Twizzlers???
79.2%
Republican-leaning state???
78.8%
Cliffs of Dover???
75.7%
NOT a type of human blood cell???
67.2%
Sad/depressed???
63.1%
Sapphire???
62%
Traditional color in chess???
59%
Clue R, W, or B % Correct
Strawberries???
57.5%
NOT a primary color???
56.4%
Big Four teams (both): Sox, Wings???
56%
Sea East of Egypt???
51.7%
Azure???
51%
Mrs. Peacock???
47.8%
NOT usually on a Coca-cola can???
47.6%
Papa Smurf's pants???
39.4%
Crane's Badge of Courage???
31.7%
NOT a stripe on the American Flag???
30%
NOT an Olympic Ring color???
29.2%
Albumen???
28.4%

You're not logged in!

Compare scores with friends on all Sporcle quizzes.
OR
Log In

From the Vault

'All' Song Titles

by JoeBeta

Before you get too excited, this isn't a quiz about every song ever written.
Remove Ads.
Support Sporcle.
Get the best of Sporcle when you Go Orange. This ad-free experience offers more features, more stats, and more fun while also helping to support Sporcle. Thank you for becoming a member.

Show Comments

Extras

Top Quizzes Today


Score Distribution

Your Account Isn't Verified!

In order to create a playlist on Sporcle, you need to verify the email address you used during registration. Go to your Sporcle Settings to finish the process.

Report this User

Report this user for behavior that violates our Community Guidelines.

Details: